000 00591 a2200169 4500
020 _a9693505875
020 _a9789693505870
090 _c1968
_d1968
100 1 _aPasha, Ahmed Shuja.
245 1 0 _aPakistan, a political study /
_cAhmed Shuja Pasha.
260 _a[S.l.] :
_bSang-e-Meel Publications,
_c1995.
300 _a414 p. ;
_c22 cm.
500 _aHardcover.
856 4 0 _3Amazon.com
_uhttp://www.amazon.com/exec/obidos/ASIN/9693505875/chopaconline-20
856 4 0 _3Amazon customer reviews
_uhttp://www.chopac.org/cgi-bin/tools/azrev.pl?q=9693505875
942 _aNBS
_cBK
_k954.91 PAS
999 _c344471
_d344471